« Retourner aux résultats de recherche
Jusqu'ici tout va bien
| Auteur principal: | Nicolas Pitz Illustrateur |
|---|---|
| D'autres auteurs: | Gary D. Schmidt |
| Support: | Livres |
| Langue: | Francais |
| Publié: |
DL 2024 Rue de Sèvres Paris |
| Genre: |
Bandes déssinées ADULTE |
| Sujets: | |
| Étiquettes: |
Ajouter
Pas de Tags !
|
| LEADER | 00730nam0a2200193 450 | ||
|---|---|---|---|
| 001 | 16844624 | ||
| 010 | |a 978-2-8102-0385-7 |b br. |d 20 | ||
| 100 | |a 20240202d2026 u u0frey01 ba | ||
| 101 | 0 | |a fre | |
| 102 | |a FR | ||
| 200 | 0 | |a Jusqu'ici tout va bien |f Nicolas Pitz |g d'après le roman de Gary D. Schmidt - scénario, dessin, couleurs, Nicolas Pitz | |
| 207 | 1 | |a | |
| 210 | |a Paris |c Rue de Sèvres |d DL 2024 | ||
| 215 | |a 1 vol. (226 p.) |c ill. en coul. |d 26 cm | ||
| 700 | 0 | |a Pitz |b Nicolas |c Illustrateur |f 1984-.... |4 70 | |
| 702 | 0 | |a Schmidt |b Gary D. |f 1957-.... |4 100 | |
| 900 | |a Bandes déssinées ADULTE | ||
| 901 | |a Accessible au prêt | ||
| 995 | |a Bibliothèque |c Bibliothèque |f 024024395 |h 024024395 |k BDA PIT |o p |q a |r az |e Bibliothèque | ||
